| 000 | 00491nam a22001817a 4500 | ||
|---|---|---|---|
| 003 | DO-SdBNP | ||
| 005 | 20220921134420.0 | ||
| 007 | ta | ||
| 008 | 201009b ||||| |||| 00| 0 eng d | ||
| 040 |
_aDO-SdBNP _bspa _cBNPHU |
||
| 082 | 4 |
_bR426c _222 |
|
| 110 |
_aRepública Dominicana. _9447 |
||
| 245 | _aCodigo laboral de la Repùblica Dominicana | ||
| 260 |
_aSanto Domingo : _bGente Nueva, _c1992. |
||
| 300 |
_a190 p. ; _c22 cm. |
||
| 590 | _aInventariado, 2020 / DG | ||
| 942 |
_2ddc _cLBS1 |
||
| 999 |
_c48851 _d48851 |
||